Three Characters: Tim Burton Quiz Stats

 Plays Quiz Updated Dec 7, 2017

Challenge
Share
Tweet
Embed
Score 0/30 Timer 07:00
0 Plays Today
% Correct
Bruce Wayne
95.9%
Willy Wonka
93.6%
Betelgeuse
91.9%
Alfred Pennyworth
88.8%
Veruca Salt
87%
Alice Kingsleigh
85.3%
Mad Hatter
85.1%
Red Queen
84.5%
Grandpa Joe
83.7%
Ichabod Crane
80.9%
Victor Frankenstein
74.4%
Sparky
60.7%
Lydia Deetz
56.2%
Barnabas Collins
55.2%
Bela Lugosi
54%
% Correct
Jack Napier
44.1%
Barbara Maitland
41.5%
Katrina Van Tassel
39.7%
Reverend Steenwyck
38.8%
Ed Bloom
38.2%
Elsa Van Helsing
38%
Angelique Bouchard
37.4%
Amos Calloway
34%
Vampira
28.9%
Donald Kessler
28.8%
Byron Williams
27.1%
Billy Glen Norris
26.8%
Bunny Breckinridge
26.4%
Norther Winslow
23.2%
Willie Loomis
15.2%

You're not logged in!

Compare scores with friends on all Sporcle quizzes.
OR
Log In

You Might Also Like...

Show Comments

Extras

Top Quizzes Today


Score Distribution

Your Account Isn't Verified!

In order to create a playlist on Sporcle, you need to verify the email address you used during registration. Go to your Sporcle Settings to finish the process.

Report this User

Report this user for behavior that violates our Community Guidelines.

Details: